| 000 | 00812cai a22001935a 4500 | ||
|---|---|---|---|
| 001 | L155036 | ||
| 008 | 120221u2012 xxk f 000 0 eng d | ||
| 035 | _a(Sirsi) u155036 | ||
| 041 | 0 | _aeng | |
| 110 | 2 |
_aStatistics Finland _96023 |
|
| 245 | 0 | 0 |
_aStatistics Finland _bbuilding cost index _h[electronic resource] |
| 260 |
_aHelsinki _bStatistics Finland _c2012 |
||
| 520 | _aThe building cost index for Finland describes relative changes in the building costs of building works and buildings of essentially identical structures by monitoring developments in the prices of the basic inputs used in their building. | ||
| 590 | _aKA | ||
| 651 | 4 | _aFinland | |
| 690 |
_aCost management _96233 |
||
| 856 | 4 | 0 |
_uhttps://www.stat.fi/til/rki/index_en.html _zView the website free of charge at www.stat.fi |
| 942 | _n0 | ||
| 999 |
_c120949 _d120949 |
||